| 000 | 01033nam a2200229Ia 4500 | ||
|---|---|---|---|
| 001 | 10168 | ||
| 003 | GE_BSU | ||
| 008 | 181216s||||||||xx |||||||||||||| ||und|| | ||
| 040 | _cGE_BSU | ||
| 080 | _a821.353.1–31 | ||
| 100 | _aსანადირაძე,გიორგი | ||
| 245 | _aნადირობა მგლებზე;აკრძალული თამაშები;უსაფლავო ჯარისკაცები | ||
| 245 | _bრომანი–ქრონიკა | ||
| 245 | _cრედ.რევაზ ჩხარტიშვილი | ||
| 260 | _aთბილისი | ||
| 260 | _bსაქ.რესპ.წიგნის პალატა გამ–ბა წყარო | ||
| 260 | _c1991 | ||
| 300 | _a734გვ .პორტრ.გარეკანზე.20სმ. | ||
| 653 | _aაკრძალული თამაშები;უსაფლავო ჯარისკაცები | ||
| 653 | _aრომანი–ქრონიკა | ||
| 942 | _cBK | ||
| 999 |
_c43438 _d43438 |
||